Text book of physical geology

Guardat en:
Dades bibliogràfiques
Autor principal: MAHAPATRA, Girija Bhusan
Format: Llibre
Idioma:anglès
Publicat: CBS Publishers 2018
Etiquetes: Afegir etiqueta
Sense etiquetes, Sigues el primer a etiquetar aquest registre!

MARC

LEADER 00000nam a22000007a 4500
008 210909b ||||| |||| 00| 0 eng d
020 |a 8123901100 
100 |a MAHAPATRA, Girija Bhusan 
245 |a Text book of physical geology  |c Girija Bhusan Mahapatra  |g 326p:ill. 
260 |b CBS Publishers  |c 2018  |d Book  |h New Delhi  |i 696896  |i 696897  |l  QE26.M27  |m  Geology 
500 |a  "It includes bibliography and index" 
942 |a lcc  |c BK  |e Olagoke, M.A.  |f  10/09/2021 
952 |0 0  |1 0  |2 lcc  |4 0  |7 0  |9 3489  |a HOL  |b SL  |d 2021-09-09  |o QE 26.M27  |p 2021-67216  |r 2021-09-09 00:00:00  |t 696896  |w 2021-09-09  |y BK 
952 |0 0  |1 0  |2 lcc  |4 0  |7 0  |9 3490  |a HOL  |b HOL  |d 2021-09-09  |o QE 26.M27  |p 2021-67217  |r 2021-09-09 00:00:00  |t 696897  |w 2021-09-09  |y BK 
999 |c 1734  |d 1734